[Event "EU-Cup 32nd"]
[Site "Novi Sad"]
[Date "2016.11.11"]
[Round "6.5"]
[White "Landenbergue, Claude"]
[Black "Upton, Timothy J"]
[Result "1-0"]
[WhiteElo "2334"]
[BlackElo "2142"]
[PlyCount "73"]
[EventDate "2016.11.06"]
[EventType "team-swiss"]
[EventRounds "7"]
[EventCountry "SRB"]
[SourceTitle "CBM 176"]
[Source "ChessBase"]
[SourceDate "2017.01.17"]
[SourceVersion "1"]
[SourceVersionDate "2017.01.17"]
[SourceQuality "1"]
[WhiteTeam "Geneve"]
[BlackTeam "Bonnevoie Gambit"]
[WhiteTeamCountry "SUI"]
[BlackTeamCountry "LUX"]

1. c4 e6 2. Nf3 d5 3. g3 Nf6 4. Bg2 Be7 5. 0-0 0-0 6. b3 b6 7. Bb2 Bb7 8. e3 Nbd7 9. Qe2 a5 10. Nc3 dxc4 11. bxc4 Nc5 12. d4 Nce4 13. Nxe4 Bxe4 14. Ne5 Bxg2 15. Kxg2 Nd7 16. Nc6 Qe8 17. Qg4 f5 18. Qf3 Bd6 19. Rad1 Nf6 20. d5 exd5 21. cxd5 Ne4 22. Qe2 a4 23. f3 Nc5 24. Bd4 Nd7 25. e4 fxe4 26. fxe4 Rxf1 27. Rxf1 Ne5 28. Bxe5 Bxe5 29. Rf5 Ba1 30. e5 a3 31. Qf3 Bb2 32. d6 cxd6 33. Qd5+ Kh8 34. exd6 Bf6 35. d7 Qg8 36. Qxg8+ Kxg8 37. Rxf6 1-0

[Event "EU-Cup 32nd"]
[Site "Novi Sad"]
[Date "2016.11.07"]
[Round "2.5"]
[White "Upton, Timothy J"]
[Black "Marzano, Carlo"]
[Result "1-0"]
[WhiteElo "2142"]
[BlackElo "2217"]
[PlyCount "79"]
[EventDate "2016.11.06"]
[EventType "team-swiss"]
[EventRounds "7"]
[EventCountry "SRB"]
[SourceTitle "CBM 176"]
[Source "ChessBase"]
[SourceDate "2017.01.17"]
[SourceVersion "1"]
[SourceVersionDate "2017.01.17"]
[SourceQuality "1"]
[WhiteTeam "Bonnevoie Gambit"]
[BlackTeam "Rome Steinitz"]
[WhiteTeamCountry "LUX"]
[BlackTeamCountry "ITA"]

1. e4 d6 2. d4 Nf6 3. Nc3 e5 4. Nge2 Nc6 5. h3 g6 6. Be3 Bg7 7. g4 h5 8. g5 Nd7 9. Bg2 Nb6 10. d5 Nc4 11. dxc6 Nxe3 12. fxe3 Qxg5 13. cxb7 Bxb7 14. Kf2 Qh4+ 15. Kg1 Bh6 16. Qd3 0-0 17. Rf1 Qg5 18. Rf3 h4 19. Nd5 f5 20. exf5 c6 21. Nc7 Rxf5 22. Rxf5 gxf5 23. Qb3+ Kh8 24. Nxa8 Bxa8 25. Qb8+ Kh7 26. Qxa7+ Kg6 27. Qxa8 Qxe3+ 28. Kf1 Bf4 29. Qxc6 Bg3 30. Qxd6+ Kh5 31. Nxg3+ hxg3 32. Qd1+ Kh4 33. Qd8+ Kh5 34. Qe8+ Kg5 35. Qe7+ Kh5 36. Qf7+ Kg5 37. h4+ Kf4 38. Qc4+ e4 39. Qc7+ Kg4 40. Qg7+ 1-0

[Event "EU-Cup 31st"]
[Site "Skopje"]
[Date "2015.10.18"]
[Round "1.4"]
[White "Van der Werf, Mark"]
[Black "Upton, Timothy J"]
[Result "1-0"]
[WhiteElo "2415"]
[BlackElo "2164"]
[PlyCount "55"]
[EventDate "2015.10.18"]
[EventType "team-swiss"]
[EventRounds "7"]
[EventCountry "MKD"]
[SourceTitle "CBM 169"]
[Source "ChessBase"]
[SourceDate "2015.11.10"]
[SourceVersion "1"]
[SourceVersionDate "2015.11.10"]
[SourceQuality "1"]
[WhiteTeam "Leiden LSG"]
[BlackTeam "Bonnevoie Gambit"]
[WhiteTeamCountry "NED"]
[BlackTeamCountry "LUX"]

1. c4 e6 2. Nc3 d5 3. d4 Be7 4. cxd5 exd5 5. Bf4 c6 6. Qc2 g6 7. e3 Bf5 8. Qd2 Nf6 9. f3 h5 10. Bd3 Bxd3 11. Qxd3 Na6 12. Nge2 Nc7 13. 0-0-0 Ne6 14. Be5 0-0 15. h4 Nd7 16. g4 Nxe5 17. dxe5 Ng7 18. gxh5 Nxh5 19. Nf4 Nxf4 20. exf4 Bxh4 21. f5 Kg7 22. f4 Rh8 23. Rdg1 Rh6 24. Rg4 Qh8 25. fxg6 f6 26. Qf5 Rf8 27. Qd7+ Kg8 28. g7 1-0

[Event "Luxembourg-chT 1415"]
[Site "Luxembourg"]
[Date "2015.02.01"]
[Round "7"]
[White "Jeitz, Christian"]
[Black "Upton, Timothy J"]
[Result "1/2-1/2"]
[WhiteElo "2188"]
[BlackElo "2212"]
[PlyCount "32"]
[EventDate "2014.10.05"]
[EventType "team-tourn"]
[EventRounds "10"]
[EventCountry "LUX"]
[SourceTitle "EXT 2017"]
[Source "ChessBase"]
[SourceDate "2016.10.25"]
[SourceVersion "1"]
[SourceVersionDate "2016.10.25"]
[SourceQuality "1"]

1. e4 e5 2. Nf3 Nc6 3. Bb5 a6 4. Ba4 d6 5. c3 f5 6. exf5 Bxf5 7. d3 Nf6 8. Bg5 Be7 9. 0-0 0-0 10. Re1 Kh8 11. h3 Qd7 12. d4 b5 13. Bc2 exd4 14. Nxd4 Nxd4 15. cxd4 Bxc2 16. Qxc2 Nd5 1/2-1/2

[Event "Luxembourg-chT 1415"]
[Site "Luxembourg"]
[Date "2014.10.19"]
[Round "2"]
[White "Upton, Timothy J"]
[Black "Stull, Norbert"]
[Result "1/2-1/2"]
[WhiteElo "2212"]
[BlackElo "2051"]
[PlyCount "35"]
[EventDate "2014.10.05"]
[EventType "team-tourn"]
[EventRounds "10"]
[EventCountry "LUX"]
[SourceTitle "EXT 2017"]
[Source "ChessBase"]
[SourceDate "2016.10.25"]
[SourceVersion "1"]
[SourceVersionDate "2016.10.25"]
[SourceQuality "1"]

1. e4 c5 2. Nf3 e6 3. d4 cxd4 4. Nxd4 Nc6 5. Nc3 Nf6 6. Ndb5 Bb4 7. a3 Bxc3+ 8. Nxc3 d5 9. exd5 exd5 10. Bd3 0-0 11. 0-0 d4 12. Ne2 Bg4 13. f3 Bh5 14. Bg5 Bg6 15. Bxg6 hxg6 16. Qd2 Qb6 17. Kh1 Rac8 18. Rfd1 1/2-1/2

[Event "Luxembourg-chT 1314"]
[Site "Luxembourg"]
[Date "2014.02.02"]
[Round "6"]
[White "Sorensen, Ivan"]
[Black "Upton, Timothy J"]
[Result "1/2-1/2"]
[WhiteElo "2168"]
[BlackElo "2212"]
[PlyCount "35"]
[EventDate "2013.10.05"]
[EventType "team-tourn"]
[EventRounds "10"]
[EventCountry "LUX"]
[SourceTitle "EXT 2017"]
[Source "ChessBase"]
[SourceDate "2016.10.25"]
[SourceVersion "1"]
[SourceVersionDate "2016.10.25"]
[SourceQuality "1"]

1. d4 d5 2. Nf3 Nf6 3. c3 e6 4. Nbd2 b6 5. Ne5 Bb7 6. e3 Bd6 7. Bb5+ c6 8. Bd3 0-0 9. f4 c5 10. 0-0 Ne4 11. Nxe4 dxe4 12. Be2 Nc6 13. Nxc6 Bxc6 14. b3 Qc7 15. Bd2 Rad8 16. Rc1 Rd7 17. b4 cxb4 18. cxb4 1/2-1/2

[Event "Luxembourg-chT 1314"]
[Site "Luxembourg"]
[Date "2013.10.05"]
[Round "1"]
[White "Becker, Mathias"]
[Black "Upton, Timothy J"]
[Result "1/2-1/2"]
[WhiteElo "1828"]
[BlackElo "2212"]
[PlyCount "52"]
[EventDate "2013.10.05"]
[EventType "team-tourn"]
[EventRounds "10"]
[EventCountry "LUX"]
[SourceTitle "EXT 2017"]
[Source "ChessBase"]
[SourceDate "2016.10.25"]
[SourceVersion "1"]
[SourceVersionDate "2016.10.25"]
[SourceQuality "1"]

1. e4 e5 2. Nf3 Nc6 3. Bc4 Nf6 4. d3 Be7 5. Nbd2 0-0 6. c3 d5 7. exd5 Nxd5 8. 0-0 Be6 9. Re1 Nf4 10. Ne4 Bxc4 11. Bxf4 Bxd3 12. Nxe5 Bxe4 13. Rxe4 Qxd1+ 14. Rxd1 Nxe5 15. Bxe5 Rad8 16. Red4 c5 17. Rd5 Rxd5 18. Rxd5 b5 19. b3 Rd8 20. c4 Rxd5 21. cxd5 Kf8 22. g4 g6 23. Kg2 Ke8 24. Kf3 Kd7 25. Ke4 a6 26. h3 Bd8 1/2-1/2

[Event "Luxembourg-chT 1213"]
[Site "Luxembourg"]
[Date "2013.03.10"]
[Round "6"]
[White "Upton, Timothy J"]
[Black "Barthel, Ansgar"]
[Result "1/2-1/2"]
[WhiteElo "2212"]
[BlackElo "2245"]
[PlyCount "73"]
[EventDate "2012.10.??"]
[EventType "team-tourn"]
[EventRounds "10"]
[EventCountry "LUX"]
[SourceTitle "EXT 2017"]
[Source "ChessBase"]
[SourceDate "2016.10.25"]
[SourceVersion "1"]
[SourceVersionDate "2016.10.25"]
[SourceQuality "1"]

1. e4 Nf6 2. e5 Nd5 3. Nc3 Nxc3 4. bxc3 d6 5. f4 g6 6. Nf3 Bg7 7. d4 0-0 8. Bd3 c5 9. 0-0 dxe5 10. fxe5 Nc6 11. Be3 Bg4 12. Be4 Qa5 13. Qe1 Rad8 14. Rb1 Bxf3 15. Bxf3 cxd4 16. cxd4 Qxe1 17. Rfxe1 Nxd4 18. Bxd4 Rxd4 19. Rxb7 Ra4 20. Rxe7 Rxa2 21. c4 Bh6 22. Bd5 Bd2 23. Rf1 Be3+ 24. Kh1 Rf2 25. Rxf2 Bxf2 26. g3 Bc5 27. Rc7 Bd4 28. c5 Bxe5 29. Rxa7 Rc8 30. c6 Rc7 31. Rxc7 Bxc7 32. Kg2 Kf8 33. Kf3 f5 34. h3 h5 35. g4 fxg4+ 36. hxg4 hxg4+ 37. Kxg4 1/2-1/2

[Event "Luxembourg-chT 1112"]
[Site "Luxembourg"]
[Date "2012.05.10"]
[Round "9"]
[White "Bakalarz, Mietek"]
[Black "Upton, Timothy J"]
[Result "1/2-1/2"]
[WhiteElo "2350"]
[BlackElo "2212"]
[PlyCount "70"]
[EventDate "2011.10.??"]
[EventType "team-tourn"]
[EventRounds "10"]
[EventCountry "LUX"]
[SourceTitle "EXT 2017"]
[Source "ChessBase"]
[SourceDate "2016.10.25"]
[SourceVersion "1"]
[SourceVersionDate "2016.10.25"]
[SourceQuality "1"]

1. e4 e5 2. Nf3 Nc6 3. Bc4 Nf6 4. d4 exd4 5. e5 d5 6. Bb5 Ne4 7. Nxd4 Bd7 8. Bxc6 bxc6 9. 0-0 Bc5 10. Be3 0-0 11. Nd2 Nxd2 12. Qxd2 Qe7 13. Nb3 Bb6 14. Rfe1 Rfe8 15. a4 f6 16. exf6 Qxf6 17. c3 Qg6 18. Bd4 Bf5 19. a5 Bxd4 20. Nxd4 c5 21. Ne2 c6 22. Ng3 Bd3 23. Re3 c4 24. Rae1 a6 25. h4 h6 26. h5 Qf7 27. b4 Qd7 28. Re5 Rxe5 29. Rxe5 Re8 30. Qe3 Kf7 31. f3 Rxe5 32. Qxe5 Qe6 33. Qd4 Kg8 34. Kf2 Kh7 35. Qe3 Qf6 1/2-1/2

[Event "Luxembourg-chT 1112"]
[Site "Luxembourg"]
[Date "2012.02.10"]
[Round "5"]
[White "Kessler, Andreas"]
[Black "Upton, Timothy J"]
[Result "1/2-1/2"]
[WhiteElo "2135"]
[BlackElo "2212"]
[PlyCount "52"]
[EventDate "2011.10.??"]
[EventType "team-tourn"]
[EventRounds "10"]
[EventCountry "LUX"]
[SourceTitle "EXT 2017"]
[Source "ChessBase"]
[SourceDate "2016.10.25"]
[SourceVersion "1"]
[SourceVersionDate "2016.10.25"]
[SourceQuality "1"]

1. c4 e6 2. g3 d5 3. Bg2 Nf6 4. Qc2 Be7 5. b3 0-0 6. Bb2 b6 7. Nh3 Nbd7 8. Nf4 Bb7 9. Nc3 c6 10. 0-0 d4 11. Nd1 e5 12. Nh3 Qc7 13. e4 c5 14. f4 a6 15. Ndf2 b5 16. d3 Bc6 17. f5 Rab8 18. Bc1 h6 19. Bd2 bxc4 20. Qxc4 Qb7 21. Qc1 Nh7 22. g4 Qb6 23. Bf3 Qd8 24. Kh1 Ng5 25. Bd1 a5 26. a4 Rb7 1/2-1/2

[Event "Luxembourg-chT 1112"]
[Site "Luxembourg"]
[Date "2012.01.10"]
[Round "4"]
[White "Barzen, Pascal"]
[Black "Upton, Timothy J"]
[Result "1-0"]
[WhiteElo "2180"]
[BlackElo "2212"]
[PlyCount "83"]
[EventDate "2011.10.??"]
[EventType "team-tourn"]
[EventRounds "10"]
[EventCountry "LUX"]
[SourceTitle "EXT 2017"]
[Source "ChessBase"]
[SourceDate "2016.10.25"]
[SourceVersion "1"]
[SourceVersionDate "2016.10.25"]
[SourceQuality "1"]

1. e4 e5 2. Nf3 Nc6 3. Bb5 a6 4. Ba4 d6 5. c3 f5 6. exf5 Bxf5 7. d3 Nf6 8. 0-0 Be7 9. Re1 0-0 10. Ng5 b5 11. Bb3+ d5 12. a4 b4 13. Ne4 Kh8 14. Ng3 Qd7 15. d4 e4 16. a5 Bg4 17. Qc2 Nh5 18. h3 Nxg3 19. hxg4 Bh4 20. Be3 Qxg4 21. Bxd5 Nf5 22. f3 Nxe3 23. Rxe3 exf3 24. Bxf3 Qg5 25. Qe2 Bg3 26. Nd2 Bf4 27. Re6 Nd8 28. Re8 Ne6 29. Rxa8 Be3+ 30. Kf1 Rxa8 31. Re1 Bxd2 32. Qxe6 Rf8 33. Re4 bxc3 34. bxc3 Bxc3 35. Kg1 Qxa5 36. Qf7 Bb4 37. Re8 Qa1+ 38. Kh2 Bd6+ 39. g3 Qb2+ 40. Kh3 Qb4 41. Rxf8+ Bxf8 42. Bd5 1-0

[Event "Cappelle op 24th"]
[Site "Cappelle la Grande"]
[Date "2008.02.18"]
[Round "4"]
[White "Spraggett, Kevin"]
[Black "Upton, Timothy J"]
[Result "1-0"]
[WhiteElo "2588"]
[BlackElo "2247"]
[PlyCount "117"]
[EventDate "2008.02.16"]
[EventType "swiss"]
[EventRounds "9"]
[EventCountry "FRA"]
[SourceTitle "CBM 122 Extra"]
[Source "ChessBase"]
[SourceDate "2008.03.04"]
[SourceVersion "1"]
[SourceVersionDate "2008.03.04"]
[SourceQuality "1"]

1. e4 e5 2. Nf3 Nc6 3. Bb5 a6 4. Ba4 d6 5. 0-0 Bd7 6. d4 Nge7 7. c4 Nxd4 8. Nxd4 exd4 9. Bxd7+ Qxd7 10. Qxd4 Nc6 11. Qd2 Be7 12. Nc3 0-0 13. b3 Bf6 14. Bb2 Rfe8 15. f3 Re6 16. Nd5 Bxb2 17. Qxb2 Ne7 18. Nf4 Re5 19. Rfd1 Qc6 20. g4 Ng6 21. Nd5 Qc5+ 22. Qf2 Qxf2+ 23. Kxf2 Rc8 24. Rac1 Ne7 25. Nb4 h5 26. h3 hxg4 27. hxg4 g6 28. Rh1 Kg7 29. Ke3 Rh8 30. Rxh8 Kxh8 31. Nd5 Nxd5+ 32. cxd5 Re7 33. g5 Kg7 34. a4 a5 35. Kd4 f6 36. gxf6+ Kxf6 37. Rh1 g5 38. Rh8 g4 39. fxg4 Kg5 40. Rg8+ Kf4 41. Kd3 Rh7 42. g5 Rh3+ 43. Kc4 Re3 44. g6 Rxe4+ 45. Kb5 Kg5 46. Rb8 Kxg6 47. Rxb7 Re3 48. Kxa5 Rc3 49. Rb5 Kf6 50. Ka6 Ke7 51. Kb7 Kd7 52. a5 c6 53. dxc6+ Rxc6 54. a6 Rc7+ 55. Kb6 Rc6+ 56. Ka5 Rc7 57. Rh5 Rc3 58. a7 Rxb3 59. Ka6 1-0

[Event "Metz op 24th"]
[Site "Metz"]
[Date "2006.04.27"]
[Round "6"]
[White "Upton, Timothy J"]
[Black "Brunner, Nicolas"]
[Result "0-1"]
[WhiteElo "2253"]
[BlackElo "2407"]
[PlyCount "68"]
[EventDate "2006.04.22"]
[EventType "swiss"]
[EventRounds "9"]
[EventCountry "FRA"]
[SourceTitle "EXT 2007"]
[Source "ChessBase"]
[SourceDate "2006.11.23"]
[SourceVersion "1"]
[SourceVersionDate "2006.11.23"]
[SourceQuality "1"]

1. e4 c5 2. Nf3 d6 3. d4 cxd4 4. Nxd4 Nf6 5. Nc3 g6 6. Be2 Bg7 7. 0-0 0-0 8. Nb3 Nc6 9. Bg5 a6 10. a4 Be6 11. f4 b5 12. axb5 axb5 13. Rxa8 Qb6+ 14. Kh1 Rxa8 15. Bf3 b4 16. Nd5 Bxd5 17. exd5 Na5 18. Nxa5 Rxa5 19. Re1 Qb7 20. h3 Kf8 21. Qd2 b3 22. c3 Nd7 23. Qe3 Nc5 24. f5 Qa7 25. fxg6 fxg6 26. h4 Be5 27. Be2 Ra1 28. Rxa1 Qxa1+ 29. Qc1 Qa2 30. Bb5 Ne4 31. Bh6+ Kg8 32. Bc4 Qa4 33. Bf1 Nf2+ 34. Kg1 Qxh4 0-1

[Event "Metz op 24th"]
[Site "Metz"]
[Date "2006.04.22"]
[Round "1"]
[White "Upton, Timothy J"]
[Black "Turboust, Roger"]
[Result "1-0"]
[WhiteElo "2253"]
[BlackElo "1790"]
[PlyCount "53"]
[EventDate "2006.04.22"]
[EventType "swiss"]
[EventRounds "9"]
[EventCountry "FRA"]
[SourceTitle "EXT 2007"]
[Source "ChessBase"]
[SourceDate "2006.11.23"]
[SourceVersion "1"]
[SourceVersionDate "2006.11.23"]
[SourceQuality "1"]

1. e4 e5 2. Nf3 Nc6 3. c3 d6 4. d4 Be7 5. Bb5 Bd7 6. 0-0 Bf6 7. Be3 a6 8. Ba4 b5 9. Bc2 Nge7 10. Nbd2 0-0 11. d5 Na5 12. a4 c6 13. dxc6 Bxc6 14. Qe2 Ng6 15. Rad1 Nb7 16. b4 Qe7 17. Bd3 bxa4 18. Bxa6 d5 19. b5 dxe4 20. Ne1 Rxa6 21. bxa6 Nc5 22. Qc4 Nf4 23. Bxc5 Qd7 24. Nxe4 Qf5 25. f3 Bh4 26. Ng3 Qg6 27. Rd6 1-0

[Event "Cappelle op 22nd"]
[Site "Cappelle la Grande"]
[Date "2006.02.21"]
[Round "5"]
[White "Upton, Timothy J"]
[Black "Krivonosov, Oleg"]
[Result "1/2-1/2"]
[WhiteElo "2248"]
[BlackElo "2431"]
[PlyCount "38"]
[EventDate "2006.02.18"]
[EventType "swiss"]
[EventRounds "10"]
[EventCountry "FRA"]
[SourceTitle "CBM 110 Extra"]
[Source "ChessBase"]
[SourceDate "2006.03.10"]
[SourceVersion "2"]
[SourceVersionDate "2006.03.10"]
[SourceQuality "1"]

1. e4 e5 2. Nf3 Nc6 3. c3 d6 4. d4 Be7 5. Bb5 Bd7 6. 0-0 Nf6 7. Re1 0-0 8. Ba4 Re8 9. Nbd2 Bf8 10. Bc2 g6 11. Nf1 Bg7 12. Ng3 h6 13. h3 Nh7 14. Be3 h5 15. Qd2 Qe7 16. Rad1 Rad8 17. d5 Na5 18. Qe2 b6 19. b4 Nb7 1/2-1/2

[Event "EU Union-ch"]
[Site "Cork"]
[Date "2005.03.23"]
[Round "2"]
[White "Upton, Timothy J"]
[Black "Ziatdinov, Raset"]
[Result "1/2-1/2"]
[WhiteElo "2256"]
[BlackElo "2441"]
[PlyCount "28"]
[EventDate "2005.03.22"]
[EventType "swiss"]
[EventRounds "10"]
[EventCountry "IRL"]
[SourceTitle "CBM 105 Extra"]
[Source "ChessBase"]
[SourceDate "2005.05.01"]
[SourceVersion "1"]
[SourceVersionDate "2005.05.01"]
[SourceQuality "1"]

1. e4 e5 2. Nf3 Nc6 3. c3 d5 4. Qa4 dxe4 5. Nxe5 Qd5 6. Nxc6 bxc6 7. Bc4 Qd6 8. 0-0 Nf6 9. Re1 Be7 10. d3 exd3 11. Bf4 Qd7 12. Na3 0-0 13. Rad1 Bxa3 14. Qxa3 Nd5 1/2-1/2

[Event "Gibraltar Masters"]
[Site "Catalan Bay"]
[Date "2004.01.29"]
[Round "3"]
[White "Upton, Timothy J"]
[Black "Wells, Peter K"]
[Result "0-1"]
[WhiteElo "2285"]
[BlackElo "2493"]
[PlyCount "70"]
[EventDate "2004.01.27"]
[EventType "swiss"]
[EventRounds "10"]
[EventCountry "ENG"]
[SourceTitle "CBM 098 Extra"]
[Source "ChessBase"]
[SourceDate "2004.03.10"]
[SourceVersion "2"]
[SourceVersionDate "2004.03.10"]
[SourceQuality "1"]

1. e4 c5 2. Nf3 Nc6 3. d4 cxd4 4. Nxd4 Nf6 5. Nc3 d6 6. Be2 g6 7. 0-0 Bg7 8. Nb3 0-0 9. Bg5 a6 10. a4 Be6 11. Kh1 Rc8 12. f4 Na5 13. Nxa5 Qxa5 14. Bf3 Qb4 15. Rb1 b5 16. axb5 axb5 17. Re1 Rfe8 18. Qe2 Nd7 19. Nd5 Bxd5 20. exd5 e5 21. c3 Qb3 22. Qd2 h6 23. Bh4 f5 24. Bd1 Qa2 25. Be2 exf4 26. Bxb5 Rxe1+ 27. Qxe1 Ne5 28. c4 Kh7 29. Be7 Nd3 30. Qf1 Nf2+ 31. Qxf2 Qxb1+ 32. Qg1 Qxb2 33. Bc6 Qe5 34. Bh4 Rb8 35. h3 g5 0-1